000 00548nam a2200181 i 4500
001 29028
003 ES-MaACL
007 t|
008 030120s1975 sp ||||1| spa d
100 1 _aBalandier, Georges.
_924817
245 1 0 _aAntropo-lógicas /
_cGeorges Balandier ; prólogo de Joan F. Mira ; [Traducción de Joan Rofes].
250 _a[1ª ed.].
260 _a[Barcelona] :
_bPenínsula,
_c[1975]
300 _a267 p. ;
_c20 cm.
700 1 _aMira, Joan F.
_981446
700 1 _aRofes, Joan.
_998918
852 _aES-MaACL
_jE-8906
_bR.93326
999 _c29028
_d29028